[Event "Crema op-B 17th"]
[Site "Crema"]
[Date "2016.09.03"]
[Round "4"]
[White "Acunzo, Domenico"]
[Black "Raimondi, Celso"]
[Result "0-1"]
[WhiteElo "1730"]
[BlackElo "1623"]
[PlyCount "66"]
[EventDate "2016.09.02"]
[EventType "swiss"]
[EventRounds "6"]
[EventCountry "ITA"]
[SourceTitle "EXT 2018"]
[Source "ChessBase"]
[SourceDate "2017.10.13"]
[SourceVersion "1"]
[SourceVersionDate "2017.10.13"]
[SourceQuality "1"]

1. e4 c5 2. Nf3 d6 3. c3 Nf6 4. Be2 e6 5. Bd3 Qc7 6. 0-0 a6 7. a4 Nc6 8. Qe2 Na5 9. Bc2 c4 10. d4 cxd3 11. Qxd3 e5 12. Bg5 Nd7 13. Nbd2 Nc5 14. Qe3 Ne6 15. Bh4 h6 16. Bg3 Be7 17. Qe2 Bd7 18. Bd3 0-0 19. b4 Nc6 20. Rfc1 Ng5 21. h3 Nxf3+ 22. Nxf3 Bf6 23. Bh4 Qd8 24. Bxf6 Qxf6 25. Qe3 Qd8 26. b5 axb5 27. axb5 Rxa1 28. Rxa1 Na5 29. Ra3 b6 30. Nd2 Be6 31. f4 exf4 32. Qxf4 Qc7 33. Nf3 Qc5+ 0-1

[Event "Crema op 15th"]
[Site "Crema"]
[Date "2013.08.30"]
[Round "1"]
[White "Salvador, Roland"]
[Black "Acunzo, Domenico"]
[Result "1-0"]
[WhiteElo "2461"]
[BlackElo "1723"]
[PlyCount "91"]
[EventDate "2013.08.30"]
[EventType "swiss"]
[EventRounds "6"]
[EventCountry "ITA"]
[SourceTitle "EXT 2015"]
[Source "ChessBase"]
[SourceDate "2014.11.20"]
[SourceVersion "1"]
[SourceVersionDate "2014.11.20"]
[SourceQuality "1"]

1. d4 e6 2. c4 f5 3. g3 Nf6 4. Bg2 d5 5. Nf3 c6 6. 0-0 Bd6 7. Qc2 0-0 8. a3 a5 9. b3 Ne4 10. Ne5 Nd7 11. Nd3 Qf6 12. e3 Qg6 13. Nd2 Nxd2 14. Bxd2 Nf6 15. b4 Ne4 16. bxa5 Nxd2 17. Qxd2 Bc7 18. a6 Rxa6 19. Nc5 Ra7 20. cxd5 exd5 21. Rfb1 Qd6 22. Rb3 h6 23. Qb2 b6 24. Nd3 g5 25. Rc1 Ba6 26. Ne5 c5 27. a4 c4 28. Rbc3 Rb8 29. Qe2 b5 30. axb5 Bxb5 31. Qf3 Rf8 32. Qxd5+ Qxd5 33. Bxd5+ Kg7 34. Rb1 Rb8 35. Rcc1 Bxe5 36. dxe5 Rc7 37. Bxc4 Rbc8 38. Rxb5 Rxc4 39. Rb7+ Kg6 40. Rb6+ Kg7 41. Rxc4 Rxc4 42. Rf6 f4 43. gxf4 gxf4 44. exf4 Re4 45. Kg2 Re1 46. Rc6 1-0

[Event "Codogno op-B 4th"]
[Site "Codogno"]
[Date "2012.09.23"]
[Round "4"]
[White "Ruggeri, Igor"]
[Black "Acunzo, Domenico"]
[Result "1-0"]
[WhiteElo "1545"]
[BlackElo "1743"]
[PlyCount "169"]
[EventDate "2012.09.21"]
[EventType "swiss"]
[EventRounds "5"]
[EventCountry "ITA"]
[SourceTitle "EXT 2016"]
[Source "ChessBase"]
[SourceDate "2015.10.08"]
[SourceVersion "1"]
[SourceVersionDate "2015.10.08"]
[SourceQuality "1"]

1. d4 e6 2. c4 f5 3. Nf3 Nf6 4. g3 d5 5. Qc2 c6 6. Bg2 Bd6 7. 0-0 0-0 8. Bg5 Qe8 9. Bxf6 gxf6 10. cxd5 cxd5 11. Nbd2 Nc6 12. a3 Bd7 13. Qd3 Kh8 14. Qe3 Qh5 15. Nh4 Rg8 16. Bf3 Qf7 17. Nb3 Rae8 18. Qh6 Rg5 19. Ng2 Reg8 20. Kh1 e5 21. e3 Bf8 22. Bxd5 Qxd5 23. Qxf6+ R5g7 24. Nc5 Be7 25. Qh6 Bc8 26. Qh5 b6 27. Nd3 exd4 28. Ndf4 Qd6 29. Rfd1 Rg5 30. Qe2 Bb7 31. exd4 Bf6 32. d5 Ne5 33. Rac1 Ng6 34. Ne6 Rg4 35. f3 Ra4 36. Nc7 Bd8 37. Qc2 Ra5 38. b4 Ra6 39. Nxa6 Bxa6 40. Qc3+ Bf6 41. Qc7 Qxc7 42. Rxc7 Be2 43. Rdc1 Bxf3 44. Rxa7 Bxd5 45. Rcc7 Nf8 46. Kg1 h5 47. Nf4 Be4 48. Nxh5 Bd4+ 49. Kf1 Rg5 50. Rc8 Kg8 51. Nf4 b5 52. Re7 Bf6 53. Ree8 Bg7 54. Ne6 Rh5 55. Nxf8 Rxh2 56. Ne6+ Kf7 57. Ng5+ Kg6 58. Nxe4 fxe4 59. Rxe4 Bb2 60. Re3 Bc1 61. Rf3 Rh1+ 62. Kg2 Rd1 63. Rcf8 Rd2+ 64. Kh3 Bb2 65. Rg8+ Bg7 66. Rb8 Rd5 67. Rb6+ Kg5 68. Rc6 Bd4 69. Rd3 Kf5 70. Rc5 Ke4 71. Rxd5 Kxd5 72. g4 Ke4 73. Rxd4+ Kxd4 74. g5 Ke5 75. g6 Kf6 76. g7 Kxg7 77. Kg4 Kf6 78. Kf4 Ke6 79. Ke4 Kd6 80. Kd4 Kc6 81. Ke5 Kc7 82. Kd5 Kb6 83. Kd6 Kb7 84. Kc5 Ka6 85. Kc6 1-0

[Event "Codogno op-B 4th"]
[Site "Codogno"]
[Date "2012.09.21"]
[Round "1"]
[White "Acunzo, Domenico"]
[Black "Nordio, Giorgio"]
[Result "1/2-1/2"]
[WhiteElo "1743"]
[BlackElo "1566"]
[PlyCount "72"]
[EventDate "2012.09.21"]
[EventType "swiss"]
[EventRounds "5"]
[EventCountry "ITA"]
[SourceTitle "EXT 2016"]
[Source "ChessBase"]
[SourceDate "2015.10.08"]
[SourceVersion "1"]
[SourceVersionDate "2015.10.08"]
[SourceQuality "1"]

1. e4 c6 2. d4 d5 3. exd5 cxd5 4. c4 Nf6 5. Nc3 Nc6 6. Bg5 dxc4 7. Bxf6 exf6 8. d5 Ne5 9. Bxc4 Nxc4 10. Qa4+ Bd7 11. Qxc4 Rc8 12. Qe2+ Qe7 13. Qxe7+ Bxe7 14. Nf3 Bb4 15. Rc1 Rc5 16. 0-0 Bxc3 17. Rxc3 Rxc3 18. Re1+ Kd8 19. bxc3 Bb5 20. Nd2 Re8 21. Rxe8+ Kxe8 22. c4 Bd7 23. f4 b6 24. Kf2 Ke7 25. Ke3 Bf5 26. Kd4 Kd6 27. h3 h5 28. Nf1 Bd7 29. Ne3 h4 30. a3 a6 31. Nc2 Ba4 32. Ne1 g5 33. fxg5 fxg5 34. Nf3 f6 35. Nd2 Bd7 36. Ne4+ Ke7 1/2-1/2

[Event "Crema op 14th"]
[Site "Crema"]
[Date "2012.09.01"]
[Round "4"]
[White "Tedoldi, Guido"]
[Black "Acunzo, Domenico"]
[Result "0-1"]
[WhiteElo "1600"]
[BlackElo "1743"]
[PlyCount "82"]
[EventDate "2012.08.31"]
[EventType "swiss"]
[EventRounds "6"]
[EventCountry "ITA"]
[SourceTitle "EXT 2014"]
[Source "ChessBase"]
[SourceDate "2013.11.20"]
[SourceVersion "1"]
[SourceVersionDate "2013.11.20"]
[SourceQuality "1"]

1. c4 e5 2. Nc3 Nc6 3. e4 Nf6 4. Nf3 a6 5. d4 exd4 6. Nxd4 Bb4 7. Nxc6 bxc6 8. Bd3 d6 9. 0-0 0-0 10. Qc2 h6 11. Bd2 Bc5 12. Rae1 Ng4 13. h3 Ne5 14. Be3 Re8 15. Bxc5 dxc5 16. Re3 Be6 17. b3 Qe7 18. f4 Nxd3 19. Rxd3 Rad8 20. Rfd1 Rd6 21. f5 Bc8 22. Qf2 Qe5 23. Qh4 Kh7 24. Rxd6 cxd6 25. Rd3 a5 26. Qf2 Rd8 27. g4 Re8 28. Qh4 g6 29. fxg6+ fxg6 30. Qf2 Be6 31. Rf3 Qd4 32. Qxd4 cxd4 33. Ne2 c5 34. Nf4 Kg7 35. Kg2 Bd7 36. Nd5 Rxe4 37. Nf6 Re7 38. Kf2 Bc6 39. Rf4 d3 40. Nd5 Bxd5 41. cxd5 d2 0-1

[Event "Crema op 14th"]
[Site "Crema"]
[Date "2012.08.31"]
[Round "2"]
[White "Redamante, Marzio"]
[Black "Acunzo, Domenico"]
[Result "0-1"]
[WhiteElo "1495"]
[BlackElo "1743"]
[PlyCount "102"]
[EventDate "2012.08.31"]
[EventType "swiss"]
[EventRounds "6"]
[EventCountry "ITA"]
[SourceTitle "EXT 2014"]
[Source "ChessBase"]
[SourceDate "2013.11.20"]
[SourceVersion "1"]
[SourceVersionDate "2013.11.20"]
[SourceQuality "1"]

1. c4 e5 2. Nc3 Nc6 3. d3 Nf6 4. g3 Bc5 5. Bg2 0-0 6. Nf3 Re8 7. 0-0 a6 8. a3 d6 9. Bg5 h6 10. Bxf6 Qxf6 11. Ne4 Qd8 12. Nxc5 dxc5 13. Nd2 Rb8 14. Bxc6 bxc6 15. b3 Bh3 16. Re1 f5 17. f3 Qd4+ 18. Kh1 Rbd8 19. Rg1 e4 20. Nf1 exd3 21. e3 Qb2 22. Qc1 Qe2 23. Qd1 Bxf1 24. Rxf1 Rxe3 25. Qxe2 dxe2 26. Rfe1 Rdd3 27. Kg2 Rxb3 28. Ra2 Rxa3 29. Raxe2 Rxe2+ 30. Rxe2 a5 31. Re8+ Kf7 32. Rc8 Ke6 33. f4 g5 34. Rxc7 gxf4 35. Rxc6+ Ke5 36. gxf4+ Kxf4 37. Rxh6 Ra2+ 38. Kf1 Ke3 39. h4 Kd4 40. Rd6+ Kxc4 41. h5 Rh2 42. h6 a4 43. Ra6 Kb5 44. Rf6 a3 45. Rxf5 a2 46. Kg1 Rxh6 47. Rf1 Kb4 48. Ra1 Kb3 49. Kf2 Rh2+ 50. Ke3 Kb2 51. Rd1 a1Q 0-1

[Event "EU-ch Seniors 11th"]
[Site "Courmayeur"]
[Date "2011.04.07"]
[Round "2"]
[White "Pipitone, Antonio"]
[Black "Acunzo, Domenico"]
[Result "1-0"]
[WhiteElo "2012"]
[BlackElo "1769"]
[PlyCount "87"]
[EventDate "2011.04.06"]
[EventType "swiss"]
[EventRounds "9"]
[EventCountry "ITA"]
[SourceTitle "CBM 141 Extra"]
[Source "ChessBase"]
[SourceDate "2011.05.03"]
[SourceVersion "1"]
[SourceVersionDate "2011.05.03"]
[SourceQuality "1"]

1. e4 e6 2. d4 d5 3. Nc3 Bb4 4. e5 c5 5. a3 Bxc3+ 6. bxc3 Ne7 7. f4 cxd4 8. cxd4 Qa5+ 9. Bd2 Qa4 10. Nf3 Nbc6 11. Bc3 0-0 12. Bd3 f6 13. 0-0 fxe5 14. fxe5 Nf5 15. Qd2 Bd7 16. Rfb1 Ncxd4 17. Nxd4 Nxd4 18. Rb4 Nf3+ 19. gxf3 Qc6 20. Bb5 Qc7 21. Bxd7 Qxd7 22. Qg2 Rf5 23. Rab1 b6 24. Rg4 Rc8 25. Bd4 Qf7 26. Rf1 h6 27. c3 Kh7 28. Qd2 Kh8 29. Qe3 Rc4 30. f4 Qf8 31. Ra1 Rh5 32. Qd3 Rf5 33. Qg3 Qf7 34. a4 Qd7 35. a5 b5 36. Qe3 a6 37. Kh1 b4 38. cxb4 Rxb4 39. Rag1 Rf7 40. Rg6 Qb7 41. Rxe6 Rb3 42. Re8+ Kh7 43. Qd2 Rb2 44. Qd3+ 1-0

[Event "Milan Crespi op-B 31th"]
[Site "Milan"]
[Date "2010.12.04"]
[Round "1"]
[White "Acunzo, Domenico"]
[Black "Rossi, Giampiero"]
[Result "0-1"]
[WhiteElo "1790"]
[BlackElo "1906"]
[PlyCount "100"]
[EventDate "2010.12.04"]
[EventType "swiss"]
[EventRounds "7"]
[EventCountry "ITA"]
[SourceTitle "EXT 2024"]
[Source "ChessBase"]
[SourceDate "2023.10.10"]
[SourceVersion "1"]
[SourceVersionDate "2023.10.10"]
[SourceQuality "1"]

1. e4 c5 2. Nf3 e6 3. d4 cxd4 4. Nxd4 a6 5. c4 Nf6 6. Nc3 d6 7. Be2 Be7 8. 0-0 Bd7 9. Be3 0-0 10. f4 Nc6 11. Nc2 Qb8 12. g4 Rc8 13. g5 Ne8 14. f5 Ne5 15. b3 b5 16. Bd4 Qb7 17. Bxe5 dxe5 18. f6 Bc5+ 19. Kg2 Bc6 20. fxg7 Rd8 21. Qe1 Rd7 22. Qh4 Nxg7 23. Qh6 Bxe4+ 24. Nxe4 Qxe4+ 25. Bf3 Qxc2+ 26. Kh3 Rad8 27. Qf6 Qf5+ 28. Bg4 Rd3+ 29. Kh4 Qxf6 30. gxf6 Nf5+ 31. Bxf5 exf5 32. Rxf5 R8d4+ 33. Kg5 Re4 34. cxb5 Be3+ 35. Kh5 axb5 36. Rf3 Rf4 37. Rg3+ Kh8 38. Re1 Rf5+ 39. Kg4 Rg5+ 40. Kh3 Rxg3+ 41. hxg3 h6 42. Kg4 Kh7 43. Kf5 Bd4 44. g4 Rf3+ 45. Ke4 Rxf6 46. Kd5 Rg6 47. Re4 Re6 48. Re2 Kg6 49. Rc2 Kg5 50. Rg2 Kf4 0-1

[Event "Crema op 12th"]
[Site "Crema "]
[Date "2010.09.05"]
[Round "6"]
[White "Acunzo, Domenico"]
[Black "Epitome, Nando"]
[Result "0-1"]
[WhiteElo "1802"]
[BlackElo "1607"]
[PlyCount "62"]
[EventDate "2010.09.05"]
[EventType "swiss"]
[EventRounds "6"]
[EventCountry "ITA"]
[SourceTitle "EXT 2012"]
[Source "ChessBase"]
[SourceDate "2011.11.24"]
[SourceVersion "1"]
[SourceVersionDate "2011.11.24"]
[SourceQuality "1"]

1. e4 c5 2. Nf3 d6 3. Be2 e6 4. c3 Nf6 5. 0-0 Be7 6. Re1 Nbd7 7. Bb5 0-0 8. Bxd7 Bxd7 9. d4 Rc8 10. d5 e5 11. Nxe5 dxe5 12. d6 Bc6 13. dxe7 Qxe7 14. f3 Rcd8 15. Qe2 Rd7 16. b4 cxb4 17. cxb4 Qxb4 18. Ba3 Qd4+ 19. Qf2 Qxa1 20. Bxf8 Kxf8 21. Qc5+ Kg8 22. Qc2 h6 23. h4 Nh5 24. Kh2 g6 25. Rg1 Qd4 26. g3 Qd3 27. Qf2 a6 28. f4 exf4 29. gxf4 Qxe4 30. f5 Qe5+ 31. Kh3 Rd3+ 0-1

[Event "ITA-ch Seniors 32nd"]
[Site "Arvier"]
[Date "2010.04.27"]
[Round "9"]
[White "Acunzo, Domenico"]
[Black "Renzini, Lorenzo"]
[Result "1/2-1/2"]
[WhiteElo "1804"]
[BlackElo "1746"]
[PlyCount "60"]
[EventDate "2010.04.18"]
[EventType "swiss"]
[EventRounds "9"]
[EventCountry "ITA"]
[SourceTitle "EXT 2024"]
[Source "ChessBase"]
[SourceDate "2023.10.10"]
[SourceVersion "1"]
[SourceVersionDate "2023.10.10"]
[SourceQuality "1"]

1. e4 c5 2. Nf3 e6 3. d4 cxd4 4. Nxd4 Nf6 5. Nc3 a6 6. a4 d6 7. Be2 Be7 8. 0-0 Qc7 9. Be3 Nbd7 10. f4 Nc5 11. Bf3 Rb8 12. Qd2 0-0 13. e5 dxe5 14. fxe5 Nfd7 15. b4 Nxe5 16. bxc5 Nc4 17. Qe2 Nxe3 18. Qxe3 Bxc5 19. Ne4 Ba7 20. Kh1 Qb6 21. c3 e5 22. Rab1 exd4 23. Qf4 Qd8 24. cxd4 Be6 25. Ng5 Qxd4 26. Be4 g6 27. Qh4 Qg7 28. Bxb7 Bf5 29. Be4 Rxb1 30. Rxb1 Bxe4 1/2-1/2

[Event "ITA-ch Seniors 32nd"]
[Site "Arvier"]
[Date "2010.04.23"]
[Round "6"]
[White "Acunzo, Domenico"]
[Black "Cavatorta, Fosco"]
[Result "1-0"]
[WhiteElo "1804"]
[BlackElo "1981"]
[PlyCount "55"]
[EventDate "2010.04.18"]
[EventType "swiss"]
[EventRounds "9"]
[EventCountry "ITA"]
[SourceTitle "EXT 2024"]
[Source "ChessBase"]
[SourceDate "2023.10.10"]
[SourceVersion "1"]
[SourceVersionDate "2023.10.10"]
[SourceQuality "1"]

1. e4 d6 2. d4 Nf6 3. Nc3 Nbd7 4. f4 e5 5. Nf3 exd4 6. Qxd4 c6 7. Be2 Be7 8. 0-0 d5 9. Kh1 Bc5 10. Qd3 Ng4 11. h3 Nf2+ 12. Rxf2 Bxf2 13. exd5 0-0 14. Ng5 Nf6 15. Qf3 Bh4 16. dxc6 bxc6 17. Bd3 h6 18. Nge4 Nd5 19. Bd2 Nb4 20. f5 Nxd3 21. cxd3 Ba6 22. Nc5 Qb6 23. N3e4 Rad8 24. Qg4 Bg5 25. Bxg5 hxg5 26. f6 Qxb2 27. Rf1 Bxd3 28. Qxg5 1-0

[Event "ITA-ch Seniors 32nd"]
[Site "Arvier"]
[Date "2010.04.22"]
[Round "5"]
[White "Piazza, Giacomo"]
[Black "Acunzo, Domenico"]
[Result "0-1"]
[WhiteElo "1634"]
[BlackElo "1804"]
[PlyCount "66"]
[EventDate "2010.04.18"]
[EventType "swiss"]
[EventRounds "9"]
[EventCountry "ITA"]
[SourceTitle "EXT 2024"]
[Source "ChessBase"]
[SourceDate "2023.10.10"]
[SourceVersion "1"]
[SourceVersionDate "2023.10.10"]
[SourceQuality "1"]

1. Nf3 d5 2. c4 e6 3. e3 f5 4. b3 Nf6 5. d3 c6 6. Bb2 Nbd7 7. Nbd2 Bd6 8. h3 Qe7 9. Qc2 e5 10. Be2 a5 11. a3 e4 12. Nd4 Ne5 13. f4 exf3 14. N2xf3 Nxf3+ 15. Nxf3 Qxe3 16. Bd4 Qe7 17. 0-0 0-0 18. c5 Bc7 19. Bf2 Bd7 20. Bh4 Qe3+ 21. Bf2 Qh6 22. Bh4 Rae8 23. Rae1 Bf4 24. b4 axb4 25. axb4 g5 26. g3 Be3+ 27. Kh2 gxh4 28. Nxh4 Bd2 29. Rd1 Rxe2+ 30. Ng2 Ng4+ 31. Kg1 Be3+ 32. Nxe3 Rxc2 33. Nxf5 Bxf5 0-1

[Event "Wch Seniors 19th"]
[Site "Condino"]
[Date "2009.11.03"]
[Round "7"]
[White "Acunzo, Domenico"]
[Black "Zachariassen, John"]
[Result "0-1"]
[WhiteElo "1830"]
[BlackElo "1973"]
[PlyCount "66"]
[EventDate "2009.10.27"]
[EventType "swiss"]
[EventRounds "11"]
[EventCountry "ITA"]
[SourceTitle "EXT 2010"]
[Source "ChessBase"]
[SourceDate "2010.11.25"]
[SourceVersion "1"]
[SourceVersionDate "2010.11.25"]
[SourceQuality "1"]

1. e4 g6 2. d4 Bg7 3. f4 d6 4. Nf3 Nd7 5. Be2 c6 6. Nc3 b5 7. a4 b4 8. Na2 a5 9. c3 c5 10. Bb5 Ngf6 11. e5 Nd5 12. dxc5 Nc7 13. exd6 exd6 14. cxd6 Nxb5 15. axb5 0-0 16. Be3 Re8 17. Kf2 Nf6 18. h3 Ne4+ 19. Kg1 bxc3 20. bxc3 Re6 21. Qd5 Rb8 22. Re1 Bb7 23. Qb3 Qxd6 24. Rd1 Qc7 25. c4 Ng3 26. Rh2 Rbe8 27. Ne5 Bxe5 28. fxe5 Qxe5 29. Bf2 Ne4 30. Re1 Qd6 31. Rd1 Qc7 32. g3 Nxf2 33. Kxf2 Qc5+ 0-1

[Event "Crema op 11th"]
[Site "Crema"]
[Date "2009.09.05"]
[Round "3"]
[White "Agnelli, Francesco"]
[Black "Acunzo, Domenico"]
[Result "1-0"]
[WhiteElo "2051"]
[BlackElo "1833"]
[PlyCount "71"]
[EventDate "2009.09.04"]
[EventType "swiss"]
[EventRounds "6"]
[EventCountry "ITA"]
[SourceTitle "EXT 2011"]
[Source "ChessBase"]
[SourceDate "2010.11.26"]
[SourceVersion "1"]
[SourceVersionDate "2010.11.26"]
[SourceQuality "1"]

1. e4 e6 2. d4 d5 3. Nc3 Bb4 4. e5 c5 5. a3 Bxc3+ 6. bxc3 Ne7 7. Qg4 0-0 8. Bd3 Nbc6 9. Nf3 f5 10. exf6 Rxf6 11. Bg5 e5 12. Qg3 Rxf3 13. gxf3 c4 14. Be2 Qa5 15. Bd2 exd4 16. cxd4 c3 17. Be3 Nf5 18. Qf4 Bd7 19. Bd3 Rf8 20. Bxf5 Bxf5 21. Qd6 Bxc2 22. 0-0 Bf5 23. Kh1 Rf6 24. Qg3 Bd3 25. Rg1 Rg6 26. Qh3 Qd8 27. Rxg6 hxg6 28. Qe6+ Kh7 29. Rg1 Bf5 30. Qf7 Qf6 31. Qxd5 c2 32. Qc5 Bd3 33. Rg3 Qf7 34. d5 Ne5 35. Rh3+ Kg8 36. Qc8+ 1-0